Nicaragua: 1979 y 2004
Enregistré dans:
| Format: | Texte |
|---|---|
| Tags: |
Ajouter un tag
Pas de tags, Soyez le premier à ajouter un tag!
|
MARC
| LEADER | 00000 a a2200000 04500 | ||
|---|---|---|---|
| 001 | 42611 | ||
| 003 | |||
| 040 | |||
| 245 | |a Nicaragua: |b 1979 y 2004 | ||
| 773 | |g volumen25, número1118 (2004), páginas 12-13 | ||
| 999 | |c 19816 |d 19816 | ||
